BUBT Library Online Catalog

ভয় / (Record no. 5907)

000 -LEADER
fixed length control field 00600nam a22001817a 4500
003 - CONTROL NUMBER IDENTIFIER
control field BUBTL
008 - FIXED-LENGTH DATA ELEMENTS--GENERAL INFORMATION
fixed length control field 190310b xxu||||| |||| 00| 0 eng d
020 ## - INTERNATIONAL STANDARD BOOK NUMBER
International Standard Book Number 978-984-90299-22-5
082 ## - DEWEY DECIMAL CLASSIFICATION NUMBER
Classification number 891.443 / AHV
100 ## - MAIN ENTRY--PERSONAL NAME
9 (RLIN) 1693
Personal name আহমেদ, হুমায়ূন
245 ## - TITLE STATEMENT
Title ভয় /
Statement of responsibility, etc. হুমায়ূন আহমেদ
260 ## - PUBLICATION, DISTRIBUTION, ETC. (IMPRINT)
Place of publication, distribution, etc. ঢাকা :
Name of publisher, distributor, etc. আফসার ব্রাদার্স,
Date of publication, distribution, etc. c1991
300 ## - PHYSICAL DESCRIPTION
Extent 80 p. :
Dimensions 21 cm.
650 #0 - SUBJECT ADDED ENTRY--TOPICAL TERM
9 (RLIN) 1687
Topical term or geographic name as entry element বাংলা সাহিত্য
856 ## - ELECTRONIC LOCATION AND ACCESS
Password 0
Logon 0
Link text Download
942 ## - ADDED ENTRY ELEMENTS (KOHA)
Source of classification or shelving scheme
Koha item type Books
Holdings
Withdrawn status Lost status Source of classification or shelving scheme Damaged status Not for loan Collection code Permanent location Current location Shelving location Date acquired Inventory number Total Checkouts Total Renewals Full call number Barcode Date last seen Date last checked out Copy number Price effective from Koha item type
          Fiction Bangladesh University of Business and Technology Library Bangladesh University of Business and Technology Library Fiction 10/20/2016 22527 14 5 891.443 / AHV BUBTL-200322527 03/14/2024 03/11/2024 C-1 03/10/2019 Books

More Information About Library

Library Hours

  • Open: 9.00 am. to 9.00 pm.
  • Only Sunday: 9.00 am. to 6.00 pm.
  • Closed: Holiday

Contact to the University

Bangladesh University of Business and Technology Library

  • Mirpurl-2, 1216.
  • Phone:
  • Fax:
  • E-Mail: admin.library@bubt.edu.bd

Contact to the Library

Contact Person:

Md. Abdul Hakim Shah
Joint Librarian
PABX No:  113
Cell No: 01816332931
E-mail: official: admin.library@bubt.edu.bd
Personal: hakim.shah@bubt.edu.bd


BUBT Library

Copyright © 2021